| 000 | 00523nam a2200193Ia 4500 | ||
|---|---|---|---|
| 005 | 20260622141551.0 | ||
| 008 | 131103s9999 xx 000 0 und d | ||
| 040 | _aLoreto College | ||
| 041 | _aEnglish | ||
| 082 |
_a270 _bRAT |
||
| 100 | _aRatti, Achille | ||
| 245 |
_aEssays in history _b Written between the years 1896 - 1912 _cAchille Ratti |
||
| 260 |
_aLondon _bBurns Oates & washbourne _c1934 |
||
| 300 | _a312p. | ||
| 504 | _aIncludes index | ||
| 650 | _aChurch - History | ||
| 850 | _aLCLIB | ||
| 942 | _cBK | ||
| 999 |
_c25551 _d76030 |
||